00810nam a22002297a 450000500170000001000140001702000230003102000180005403500130007203700130008508200120009810000210011024501120013126000350024327000420027830000280032070000240034870000280037294200260040099900170042695201370044320100724151254.0 aENG-96673 a8122007414c295.00 a9798122007410 aEN-80206 bDBAD/PUB a338.954 aLouw, Leon91286 aHabits of highly effective countries:bLessons for india /cBy Leon Louw, Bibek Debroy and Laveesh Bhandari aDelhibKonark Publishersc2008 aA-149, Main vikas margbDelhie110092 axii, 155p.c22cm. (pbk) aDebroy, Bibek91287 aBhandari, Laveesh91288 2ddccENh338.954mLOU c37586d37586 001040718NFICaDBADbDBADd2010-07-24eDBAD/PUBg295.00l0o338.954 LOUpEN-80206r2010-07-24 00:00:00t1v295.00w2010-07-24yEN